| 000 -LEADER |
| fixed length control field |
00579cam a2200181 i 4500 |
| 003 - CONTROL NUMBER IDENTIFIER |
| control field |
OSt |
| 005 - DATE AND TIME OF LATEST TRANSACTION |
| control field |
20200311131258.0 |
| 008 - FIXED-LENGTH DATA ELEMENTS--GENERAL INFORMATION |
| fixed length control field |
120718s2013 ii ab g b 000 0 eng d |
| 020 ## - INTERNATIONAL STANDARD BOOK NUMBER |
| International Standard Book Number |
9789380852232 |
| 040 ## - CATALOGING SOURCE |
| Original cataloging agency |
DKAGE |
| Language of cataloging |
eng |
| Transcribing agency |
DKAGE |
| Modifying agency |
DLC |
| Description conventions |
rda |
| 082 04 - DEWEY DECIMAL CLASSIFICATION NUMBER |
| Classification number |
726.1430934 |
| Edition number |
23 |
| Item number |
LAM |
| 100 1# - MAIN ENTRY--PERSONAL NAME |
| Personal name |
Lāmā, Jī. Ke., |
| Dates associated with a name |
1964- |
| Relator term |
author. |
| 245 10 - TITLE STATEMENT |
| Title |
Buddhist cave temples of ancient India / |
| Statement of responsibility, etc |
G.K. Lama. |
| 300 ## - PHYSICAL DESCRIPTION |
| Extent |
xxx, 111 pages : |
| Other physical details |
illustrations, maps ; |
| Dimensions |
25 cm |
| 504 ## - BIBLIOGRAPHY, ETC. NOTE |
| Bibliography, etc |
Includes bibliographical references (pages 104-106). |
| 650 #0 - SUBJECT ADDED ENTRY--TOPICAL TERM |
| Topical term or geographic name as entry element |
Buddhist cave temples |
| Geographic subdivision |
India. |
| 942 ## - ADDED ENTRY ELEMENTS (KOHA) |
| Source of classification or shelving scheme |
|